Can You Name Every Panic! At The Disco Song? (2019) - Statistics

General Stats
  • This quiz has been taken 187 times
  • The average score is 36 of 71
Answer Stats
Hint Answer % Correct
I Write Sins Not Tragedies
85%
Death of a Bachelor
75%
High Hopes
72%
Nine in the Afternoon
71%
Lying Is The Most Fun a Girl Can Have Without Taking Her Clothes Off
68%
Sarah Smiles
67%
Vices & Virtues The Ballad of Mona Lisa
67%
Too Weird to Live, Too Rare to Die! This Is Gospel
67%
Camisado
65%
Nicotine
65%
Death of a Bachelor Victorious
65%
Don't Threaten Me with a Good Time
64%
Emperor's New Clothes
64%
Build God, Then We'll Talk
62%
Dying in LA
62%
Hey Look Ma, I Made It
62%
House of Memories
62%
But It's Better If You Do
60%
A Fever You Can't Sweat Out (with bonus tracks) Introduction
60%
Collar Full
59%
Girls / Girls / Boys
59%
Hallelujah
59%
Intermission
59%
Memories
59%
Hurricane
58%
LA Devotee
58%
Time to Dance
58%
Impossible Year
57%
Northern Downpour
56%
Say Amen (Saturday Night)
56%
Roaring 20s
55%
The Overpass
55%
Mad as Rabbits
54%
Nails for Breakfast, Tacks for Snacks
54%
One of the Drunks
54%
Vegas Lights
54%
Crazy=Genius
52%
Golden Days
52%
King of the Clouds
52%
The Good, the Bad, and the Dirty
51%
Let's Kill Tonight
49%
The Only Difference Between Martyrdom and Suicide Is Press Coverage
49%
Casual Affair
48%
Old Fashioned
48%
The Calendar
48%
Girl That You Love
46%
Dancing's Not a Crime
45%
She Had The World
45%
Behind The Sea
44%
Pas de Cheval
44%
When the Day Met the Night
44%
Always
43%
Far Too Young to Die
43%
London Beckoned Songs About Money Written by Machines
43%
She's a Handsome Woman
43%
There's a Good Reason These Tables Are Numbered Honey, You Just Haven't Thought of It Yet
43%
Trade Mistakes
42%
Nearly Witches (Ever Since We Met...)
41%
Pretty. Odd. We're So Starving
41%
That Green Gentleman (Things Have Changed)
40%
The End of All Things
40%
Folkin' Around
38%
Ready To Go (Get Me Out of My Mind)
37%
The Piano Knows Something I Don't Know
36%
From a Mountain in the Middle of the Cabins
32%
I Have Friends in Holy Spaces
32%
Do You Know What I'm Seeing?
30%
Miss Jackson (feat. Lolo)
25%
I Constanty Thank God For Esteban
7%
Live in Denver
4%
Pray For The Wicked (F**k A) Siver Lining
2%
No matching quizzes found
Score Distribution
Percent of People with Each Score
Percentile by Number Answered
Your Score History
You have not taken this quiz